|
|
|
|
| LEADER |
00000nam a2200000Ii 4500 |
| 001 |
DIGUCAUCA0056 |
| 003 |
NyNyDIG |
| 007 |
cr ||||||||||| |
| 008 |
210829s2017 ck b ob 001 0dspa d |
| 006 |
m o d |
| 035 |
|
|
|a (OCoLC)1282641583
|
| 040 |
|
|
|a DGITA
|b eng
|e rda
|e pn
|c DGITA
|
| 020 |
|
|
|z 9789587322934
|
| 043 |
|
|
|a cl-----
|
| 050 |
1 |
4 |
|a GN44.L29 ebook
|
| 082 |
1 |
4 |
|a 301.098
|
| 100 |
1 |
|
|a Caballero A., Hortensia
|q (Caballero Arias),
|e author.
|
| 245 |
1 |
0 |
|a Antropologías en América Latina :
|b prácticas, alcances y retos /
|c Hortensia Caballero Arias [and 16 others] ; Jairo Tocancipá-Falla, (compilador).
|
| 264 |
|
1 |
|a Popayán, Colombia :
|b Editorial Universidad del Cauca,
|c [2017]
|
| 300 |
|
|
|a 1 online resource :
|b color maps.
|
| 336 |
|
|
|a text
|b txt
|2 rdacontent
|
| 337 |
|
|
|a computer
|b c
|2 rdamedia
|
| 338 |
|
|
|a online resource
|b cr
|2 rdacarrier
|
| 347 |
|
|
|a text file
|2 rdaft
|
| 347 |
|
|
|b PDF
|
| 504 |
|
|
|a Includes bibliographical references and index.
|
| 588 |
0 |
|
|a Online resource; title from PDF title page (Digitalia, viewed August 29, 2021)
|
| 650 |
|
0 |
|a Anthropology
|z Latin America.
|
| 650 |
|
0 |
|a Anthropology
|x Study and teaching
|z Latin America.
|
| 650 |
|
0 |
|a Ethnology
|z Latin America.
|
| 650 |
|
0 |
|a Urban anthropology
|z Latin America.
|
| 655 |
|
0 |
|a Electronic books.
|
| 700 |
1 |
|
|a Tocancipá, Jairo,
|e editor.
|
| 791 |
2 |
|
|a Digitalia (Firm),
|e distributor.
|
| 793 |
0 |
|
|g Digitalia eBook Collection:
|a Editorial Universidad del Cauca
|
| 776 |
0 |
8 |
|i Print version:
|a Caballero A., Hortensia (Caballero Arias).
|t Antropologías en América Latina.
|b Primera edición en español.
|d Popayán, Colombia : Editorial Universidad del Cauca, [2017]
|z 9789587322934
|w (OCoLC)1038021346
|
| 856 |
4 |
0 |
|3 Digitalia Hispánica
|u https://www.digitaliapublishing.com/a/82788/
|
| 910 |
|
|
|a Premium collection: 2021
|